| 000 | 00492nam a22001817a 4500 | ||
|---|---|---|---|
| 003 | CEME | ||
| 005 | 20210628204513.0 | ||
| 008 | 210219b xxu||||| |||| 00| 0 eng d | ||
| 022 | _a9971-51-172-X | ||
| 040 | _c. | ||
| 082 | _a621.3 SMI'C | ||
| 100 |
_aDorf, R. Smith, R. J _970545 |
||
| 245 | _aCircuits devices and system a first course in electrical engineering | ||
| 260 |
_aNEWYORK _bJOHN WILEY _c1995 |
||
| 300 | _a868P | ||
| 650 |
_aELECTRIC ENGINEERING _941136 |
||
| 942 |
_cBK _2ddc |
||
| 999 |
_c577514 _d577514 |
||